1061 1407 1064 1020 1403 1773 1677 1740 1971 1886 1435 1095 1188 1603 1081 1510 1733 1598 1089 1400 1676 1495 1147 1894 1788 1566 1129 1422 1095 1539 1517 1320 1968 1046 1536 1549 1619 1566 1278 1885 1238 1288 1111 1686 1735 1384 1275 1501 1624 1299 1995 1372 1892 1379 1397 1234 1715 1003 1232 1032 1915 1218 1121 1432 1267 1905 1579 1875 1215 1640 1519 1248 1397 1058 1942 1596 1508 1046 1533 1375 1209 1062 1557 1259 1192 1384 1773 1944 1884 1798 1093 1682 1207 1230 1206 1541 1886 1204 1542 BCNSPRNW ULIB Ver.6.0+V

เปลี่ยนเป็นภาษาไทย

Change to English
 แสดงรายละเอียดบรรณานุกรม
  กลับหน้าหลัก

Brief Record : Get Marc (ISO 2709) : E-mail record : QR code < ปิดหน้าต่าง
LEADER : 00000nam 2200000uu 4500
001    13399112978
003     ULIB
008    110921s2551||||th 000 0 tha d
020    9789741670772
060  4 WA108^bส232ร 2551
100 0  สมเกียรติ สุวรรณกูฎ
245 00 โรคร้ายที่ผ่านพ้น/^cสมเกียรติ สุวรรณกูฎ
250    พิมพ์ครั้งที่ 1
260    กรุงเทพฯ:^bเคล็ดไทย,^c2551
300    125 หน้า:^bภาพประกอบ
650  7 ลักษณะอาการของโรค
650  7 หลัก 9 อ
650  7 โรคหัวใจ
650  7 โรคเรื้อรัง
650  7 โรคความดันโลหิตสูง
945    ^p100^l0^i18581
995    กัณชพร
999 ^a ใช้งานได้ทุกระบบ
รายการนี้ยังไม่มีแท็ก
คุณยังไม่ได้ล็อกอิน คุณสามารถมีกิจกรรมร่วมกับเว็บไซต์ได้ แต่ต้องล็อกอินก่อน ::
  ล็อกอิน

รายการสื่อสารสนเทศ

ลำดับที่ ประเภท เลขเรียก/บาร์โค้ด สถานที่ สถานะ
- ไม่พบข้อมูล -

รายการใกล้เคียง
    ผู้แต่ง [สมเกียรติ สุวรรณกูฎ]

    หัวเรื่อง [ลักษณะอาการของโรค]
    หัวเรื่อง [หลัก 9 อ]
    หัวเรื่อง [โรคหัวใจ]
    หัวเรื่อง [โรคเรื้อรัง]
    หัวเรื่อง [โรคความดันโลหิตสูง]

BibComment


ยังไม่เคยถูกคอมเมนท์

คอมเมนท์ทรัพยากรรายการนี้
  คอมเมนท์: โรคร้ายที่ผ่านพ้น..


 Copyright 2026. Bcnsprnw @Library